00575nam a2200181 i 4500001000700000003000900007005001700016007000300033008004100036100003400077245012100111260004600232300002100278650002200299650002300321852002400344852002500368143317ES-MaACL20250823103314.0t|070214s1905 sp |||| | spa d1 aSerrano y Aguado, Gregorio F.10aImpugnación a un P. benedictino de Silos (Burgos) b: [sobre música religiosa] / cGregorio F. Serrano y Aguado. aToledo : b[s. n.], c1905 (fJ. Pelèz) a63 p. ; c19 cm. 4aCanto gregoriano.04aMúsica religiosa aES-MaACLj1676-F-11 aES-MaACLjT-1375-F-3